Normal view
MARC view
- Lewis, Meriwether,
Entry Personal Name
001 - CONTROL NUMBER
- control field: 8044
003 - CONTROL NUMBER IDENTIFIER
- control field: NUST
005 - DATE AND TIME OF LATEST TRANSACTION
- control field: 20180105092854.0
008 - FIXED-LENGTH DATA ELEMENTS
- fixed length control field: 180105|| aca||aabn | a|a d
040 ## - CATALOGING SOURCE
- Original cataloging agency: NUST
- Transcribing agency: NUST
100 ## - HEADING--PERSONAL NAME
- Personal name: Lewis, Meriwether,
- Dates associated with a name: 1774-1809.
- Title of a work: Original journals of the Lewis and Clark expedition.
- Form subheading: Selections.
- Date of a work: 1980.
670 ## - SOURCE DATA FOUND
- Source citation: Work cat.: (NUST)0: Hawke, David Freeman. 8037, Those tremendous mountains :, 1980.
